000 00741nam a2200265Ia 4500
003 OSt
005 20220918212913.0
006 a|||||r|||| 00| 0
007 ta
008 220917b |||||||| |||| 00| 0 eng d
024 _a130,696
037 _cTextual
040 _aARTS
_cARTS
_beng
041 _2eng
_aeng
082 _aX:3M24.611, L2.1
100 _aCliffe Lionel Ed.
_9125123
245 0 _aSocialism in Tanzania
260 _aNariobi
_bEast African pub House
_c1972
300 _a346p.
_ccm.
490 _aEAPH Political studies; 14
650 _aECONOMICS
700 _a Saul John S Ed.
_9125124
942 _hX:3M24.611, L2.1
_cTEXL
_2CC
999 _c253819
_d253819